Provincias de Argentina por Imágen - Estadísticas

Estadísticas generales
  • Esta prueba ha sido intentada 38 veces
  • La puntuación promedio es 18 de 24
Estadísticas de respuestas
Imagen Respuesta % Correcto
Ciudad Autónoma de Buenos Aires
100%
Misiones
91%
Tucumán
88%
Jujuy
85%
Mendoza
85%
Tierra del Fuego, Antártida e Islas del Atlántico Sur
85%
Chubut
82%
Santa Cruz
82%
Santa Fe
82%
La Pampa
79%
San Juan
79%
Río Negro
76%
Salta
76%
Córdoba
73%
Neuquén
73%
Santiago del Estero
73%
Corrientes
70%
Entre Rios
70%
Chaco
67%
Formosa
67%
La Rioja
67%
Buenos Aires
64%
Catamarca
61%
San Luis
55%
No se encontraron pruebas coincidentes
Distribución de puntuación
Porcentaje de gente con cada puntuación
Porcentaje por número respondido
Historial de tus puntuaciones
No has intentado esta prueba.